000 01285nam0a2200301 4500
001 RU\NLR\BIBL_A\022147038
005 20250625141226.0
010 _98000
035 _a(NLR Aleph) 022147038
090 _a13320267
_c13320267
100 _a20240221d1940 |||y0rusy50 ca
101 0 _adar
102 _aRU
105 _ay z 000 y
181 0 _ai
_baxxe
182 0 _an
200 1 _aДарган мез : грамматика ва лукIнила кьяйдурти
_eмалограмотныйтала школалис учебник
_fС. Абдуллаев
_eДАССР-ла Наркомпросли утвердить барибси саби
_eхIябъибил издание
203 _aТекст
_bвизуальный
_cнепосредственный
210 _aМахачкала
_cДаг. гос. изд-во
_d1940
215 _a100,[1] с.
_d22
541 1 _aДаргинский язык : грамматика и правописание
_eУчебник для малограмотных.
_zrus
_eУтв. Наркомпросом ДАССР
_e3-е изд.
686 1 _aШ5(2)я721-1
700 1 _aАбдуллаев
_bС.
_4070
852 _aNLR
_bОНЛ
_jДарг./3-74
852 _aNLR
_bОНЛ
_jДарг./3-74
942 _cBOOK
980 _aNB